Načítá se...

Health education

Podrobná bibliografie
Hlavní autor: Venkataiah, S, Ed
Médium: Printed Book
Vydáno: New Delhi Anmol Publications 2005
Témata:
LEADER 00450nam a2200157 4500
082 |a 613.07 VEN-H 
100 |a Venkataiah, S, Ed. 
245 |a Health education 
250
260 |a New Delhi  |b Anmol Publications  |c 2005 
300 |a 295 p 
490
650 |a Health education 
942 |c BK 
999 |c 236360  |d 236360 
952 |0 0  |1 0  |4 0  |6 613_070000000000000_VENH  |7 0  |9 250493  |a SDE  |b SDE  |d 2019-12-12  |l 0  |o 613.07 VEN-H  |p SDE15647  |r 2019-12-12  |w 2019-12-12  |y BK